Loading...
Not after midnight: and other stories
| Main Author: | |
|---|---|
| Format: | Printed Book |
| Published: |
London, Victor Gollancz
1971
|
| Subjects: |
| LEADER | 005190000a22001690004500 | ||
|---|---|---|---|
| 022 | |a 25-07-2004 | ||
| 041 | |a English | ||
| 082 | |a 823.01 MAU/N L1 | ||
| 100 | |a Maurier, Daphne Du | ||
| 245 | |a Not after midnight: and other stories | ||
| 260 | |a London, Victor Gollancz | ||
| 260 | |c 1971 | ||
| 650 | |a English literature | ||
| 650 | |a Short stories | ||
| 942 | |c BK | ||
| 999 | |c 145441 |d 145437 | ||
| 952 | |0 0 |1 0 |4 0 |6 823_010000000000000_MAU_N_L1 |7 0 |9 144214 |a SCC |b SCC |d 2017-10-11 |l 0 |o 823.01 MAU/N L1 |p SCC01674 |r 2017-10-11 |w 2017-10-11 |y BK | ||